Bundesliga Meister - Statistiken

Allgemein
  • Dieses Quiz wurde 1.511 mal gespielt
  • Das Durchschnittsergebnis liegt bei 11 aus 16
Antwortstatistiken
Titel Letzemal Mannschaft % Korrekt
30 2020 Bayern München
100%
8 2012 Borussia Dortmund
99%
6 1983 Hamburger SV
92%
4 2004 Werder Bremen
92%
5 2007 VfB Stuttgart
90%
5 1977 Borussia Mönchengladbach
86%
7 1958 Schalke 04
83%
3 1978 1. FC Köln
82%
4 1998 1. FC Kaiserslautern
79%
9 1968 FC Nürnberg
78%
2 1954 Hannover 96
68%
2 1931 Hertha BSC
50%
3 1913 VfB Leipzig
45%
2 1944 Dresdner SC
40%
3 1929 SpVgg Greuther Fürth
23%
2 1911 BFC Viktoria 1889
10%
Keine übereinstimmenden Quizze gefunden
Verteilung der Resultate
Anzahl Personen mit jedem Resultat
Perzentil nach korrekt beantworteten Fragen
Ihre Resultats-Entwicklung
Sie haben dieses Quiz noch nicht gespielt